01285nam a2200265 4500003000800000005001700008008004100025040002600066041000800092092002600100100003800126245022000164260003300384300002300417502017100440504005100611530006300662650002800725650004200753650006800795651004500863830008100908942001300989999001701002DO-SdUA20250325093536.0 s2020 dr a|| |||| 0 |a||0|spa d aDO-SdUAbspacDO-SdUA0 aspa aMA-PPGE 0024 FCE 20201 aNoesi Álvarez, Jerainy Carolina14aLas zonas de aprendizaje en el proceso de enseñanza en el nivel pre-primario de la Escuela Básica María Mercedes Meyreles, Distrito Educativo 11-02, año escolar 2019-2020 /cJerainy Carolina Noesi Álvarez. aPuerto Plata :bUASD,c2020. a[8], 71, h. :bil. aTesis y trabajo de grado (Maestría en Procesos Pedagógicos y Gestión de la Educación Infantil)-- Universidad Autónoma de Santo Domingo, Puerto Plata, 2020. aIncluye referencias bibliográficas y anexos. aTambién disponible en CD-ROM (CD MA-PPGE 0024 FCE 2020). 72lemb92134aAprendizaje 72lemb919841aMétodos de enseñanza 72lemb910519aEducación preescolarxInvestigacionesy2019-2020 72lemb956419aSan Felipe de Puerto Plata  aTesis y disertaciones académicas (Universidad Autónoma de Santo Domingo) 2clcTn0 c12710d12710